|
|
|
|
| LEADER |
00000nam2a2200000 4500 |
| 001 |
79189 |
| 005 |
20231101213036.0 |
| 035 |
|
|
|a (RuTPU)RU\TPU\book\85126
|
| 090 |
|
|
|a 79189
|
| 100 |
|
|
|a 20050801d1961 k y0rusy50 ca
|
| 101 |
0 |
|
|a rus
|
| 102 |
|
|
|a RU
|
| 105 |
|
|
|a a z 101zy
|
| 200 |
0 |
|
|a [Т. 5] : Автоматизация производственных процессов. Машиностроение, электроэнергетика, электропривод, транспорт
|f гл. ред. В. А. Трапезников ; под ред. А. Я. Лернера
|
| 210 |
|
|
|d 1961
|
| 215 |
|
|
|a 490 с.
|c ил.
|e 1 л. схем
|
| 320 |
|
|
|a Библиография в конце докладов.
|
| 461 |
|
1 |
|0 (RuTPU)RU\TPU\book\85762
|t Труды 1-го Международного конгресса Международной федерации по автоматическому управлению
|o 27 июня - 7 июля 1960 г., Москва
|o [в 6-ти т.]
|f Международная федерация по автоматическому управлению ; Академия наук СССР (АН СССР), Национальный комитет по автоматическому управлению
|v [Т. 5] : Автоматизация производственных процессов. Машиностроение, электроэнергетика, электропривод, транспорт
|d 1961
|
| 606 |
1 |
|
|a Автоматическое управление
|2 stltpush
|3 (RuTPU)RU\TPU\subj\943
|9 29748
|
| 610 |
1 |
|
|a машиностроение
|
| 610 |
1 |
|
|a электроэнергетика
|
| 610 |
1 |
|
|a электроприводы
|
| 610 |
1 |
|
|a автоматизация
|
| 610 |
1 |
|
|a производственные процессы
|
| 610 |
1 |
|
|a транспорт
|
| 610 |
1 |
|
|a сборники
|
| 610 |
1 |
|
|a электроэнергетические системы
|
| 610 |
1 |
|
|a электрические машины
|
| 675 |
|
|
|a 681.51(063)
|v 3
|
| 702 |
|
1 |
|a Трапезников
|b В. А.
|4 651
|
| 702 |
|
1 |
|a Лернер
|b А. Я.
|4 340
|
| 801 |
|
1 |
|a RU
|b 63413507
|c 20050801
|g PSBO
|
| 801 |
|
2 |
|a RU
|b 63413507
|c 20191218
|g PSBO
|
| 942 |
|
|
|c BK
|